Resumen de la legislación tributaria costarricense 1900-1970

Recopilación de leyes tributarias en Costa Rica para el período 1900-1970. Estudia la evolución del sistema tributario por medio de los cambios o modificaciones introducidas en la legislación tributaria original. Contiene información sobre los siguientes impuestos: ingresos (sobre la renta, compañía...

全面介紹

Guardado en:
書目詳細資料
主要作者: Montero Umaña, Lilia María
格式: Texto
出版: San Pedro de M. de O.: UCR. ECES. IECES
主題:
標簽: 添加標簽
沒有標簽, 成為第一個標記此記錄!

MARC

LEADER 00000 a a2200000 04500
001 17983
003
040
090 |a 003200  
100 |a Montero Umaña, Lilia María  
245 |a Resumen de la legislación tributaria costarricense 1900-1970  
260 |a San Pedro de M. de O.:   |b UCR. ECES. IECES  
300 |a 572 p.  
520 |a Recopilación de leyes tributarias en Costa Rica para el período 1900-1970. Estudia la evolución del sistema tributario por medio de los cambios o modificaciones introducidas en la legislación tributaria original. Contiene información sobre los siguientes impuestos: ingresos (sobre la renta, compañía bananera, espectáculos públicos, industria y otros), patrimonio (capital, propiedad, caminos, otros), comercio exterior (importaciones, exportaciones), actividades internas (consumo de bienes y servicios, actividades económicas, impuesto a los actos legales y otros impuestos internos)./ACM  
650 |a IMPUESTOS  
650 |a RECAUDACION DE IMPUESTOS  
650 |a SISTEMAS TRIBUTARIOS  
999 |c 13748  |d 13748